000 00568nam a22001817a 4500
005 20251108175210.0
008 250721s2002 xx 000 0 ara d
082 1 4 _a345.02/طال
100 1 _aطالب، أحسن
245 1 0 _aالجريمة والعقوبة والمؤسسات الإصلاحية /
264 1 _aبيروت _ لبنان :
_bدار الطليعة للطباعة والنشر،
_c2002.
300 _a328ص.
650 1 7 _aالقانون
650 1 7 _aعلم الاجتماع
650 1 7 _aالجريمة
942 _2ddc
_cBK
999 _c128484
_d128484